Rozdielne názory na chýbajúci kapitál. 2

Analýza zákona NR SR o Exportno-importnej banke Slovenskej republiky. Polemika o niektorých jeho častiach. Úlohy EXIM banky, ktoré by mala plniť v slovenskej ekonomike. Absencia zákona o štátnej záruke. Nevyhnutnosť transparentnosti zákona o slovenskej EXIM banke.

Salvato in:
Dettagli Bibliografici
Autore principale: Múdra, H.
Natura: Capitolo di libro
Lingua:slovacco
Soggetti:
Tags: Aggiungi Tag
Nessun Tag, puoi essere il primo ad aggiungerne!!

MARC

LEADER 00000naa a2200000 4500
001 r026112
005 20230824090420.6
041 0 |a slo 
044 |a SK 
245 1 0 |a Rozdielne názory na chýbajúci kapitál. 2  |c H. Múdra 
520 |a Analýza zákona NR SR o Exportno-importnej banke Slovenskej republiky. Polemika o niektorých jeho častiach. Úlohy EXIM banky, ktoré by mala plniť v slovenskej ekonomike. Absencia zákona o štátnej záruke. Nevyhnutnosť transparentnosti zákona o slovenskej EXIM banke. 
610 2 0 |a Slovensko 
610 2 0 |a 1997 
610 2 0 |a obchod zahraničný 
610 2 0 |a eximbanky 
610 2 0 |a zákony 
610 2 0 |a vývoz 
610 2 0 |a dovoz 
100 1 |a Múdra, H.